Responses for Show #8387 - Tuesday, April 27, 2021

Champion's winnings & consolation amounts matched to Justice Defenders.

Contestants

[<< previous game]

John Prokop, a legal assistant from Uncasville, Connecticut

Dana Schumacher-Schmidt, an English professor from Tecumseh, Michigan

Kelly Donohue, a bank examiner from Winthrop, Massachusetts (whose 3-day cash winnings total $79,601)

[next game >>]

Jeopardy! Round responses

SINGLE-NAMED SINGERS' LAST NAMES
LET'S VISIT THE CITY
CHILDREN OF ZEUS
NOTHIN' BUT A SILENT G THING, BABY
TIGER
KING
    $200 26
Adele

John
    $200 21
Berlin

Dana
    $200 13
a bull

John
    $200 9
(John: What is [**]?)
(Anderson: Yes, we'll take that; what is [*]?)

foreign (a foreigner)

John
    $200 6
(Anderson: I'm glad this wasn't a video clue.)
[Chuckles]

Princeton

Kelly
    $200 1
the blind

Kelly
    $400 27
Lizzo

Dana
    $400 22
(Anderson: That's right, the Leaning Tower.)

Pisa

John
    $400 17
Mount Olympus

Kelly
    $400 10
a gnat

Kelly
    $400 7
a butterfly

John
    $400 2
cotton

Dana
    $600 28
Bono

John
    $600 23
Barcelona

Dana
    $600 18
the Muses

John
    $600 11
alignment

Dana
    $600 8
the Tamil Tigers

Dana
    $600 3
"I'm the king of the world!"

Dana
    $800 29
Kesha

Kelly
    $800 24
Perth

John
    $800 19
(John: What is decapitation?)

turning it to stone with Medusa's head

KellyJohn
    $800 12
campaign

Dana
    $800 15
Flying Tigers

Kelly
    $800 4
king of the hill

Kelly
    $1000 30
Pitbull

Triple Stumper
    $1000 25
Kyoto

John
    $1000 20
nectar & ambrosia

Kelly
    $1,000 14
poignant

John
    $1000 16
Crouching Tiger, Hidden Dragon

Kelly
    $1000 5
(Kelly: Who is a commoner?)
(Dana: What is a peasant?)

a cat

KellyDana
Triple Stumper

Scores at the first commercial break (after clue 15):

Kelly Dana John
$1,400 $2,000 $1,800

Scores at the end of the Jeopardy! Round:

Kelly Dana John
$5,400 $3,200 $4,600

Double Jeopardy! Round responses

EXPLORERS
RECENT BOOKS
SCIENCY STUFF
PANTONE COLORS OF THE YEAR
LET'S PLAY COWBOYS
WORDS THAT START WITH 2 VOWELS
    $400 6
Francis Drake

Dana
    $400 1
Hamnet

Dana
    $400 11
(Kelly: What is staph?)

strep

KellyDana
    $400 16
(Kelly: What is violet?)

rose

KellyDana
    $400 21
Brokeback Mountain

Kelly
    $400 26
either

Dana
    $800 7
Amerigo Vespucci

Kelly
    $800 2
(Kelly: Who is Conan O'Brien?)

Colin Jost

Kelly
Triple Stumper
    $800 12
a half-life

John
    $800 17
Mimosa

Dana
    $800 22
True Grit

Kelly
    $800 27
ointment

Dana
    $1200 8
Magellan

John
    $1200 3
Bird Box

Triple Stumper
    $1200 13
(Kelly: What's a solvent?)
(Dana: What is an amino acid?)

an enzyme

KellyDana
Triple Stumper
    $2,500 18
The Devil Wears Prada

Dana
    $1200 23
Jon Voight

John
    $1200 28
the ionosphere

Dana
    $1600 9
John Smith

Kelly
    $1600 4
Jim Carrey

Dana
    $1600 14
amplitude

John
    $1600 19
marsala

Dana
    $1600 24
Gene Hackman

Dana
    $1600 29
authority

Kelly
    $5,000 10
(Kelly: Who is Cook?)

George Vancouver

Kelly
    $2000 5
Elena Ferrante

Dana
    $2000 15
a vector

Dana
    $2000 20
(John: What is garnet?)

turquoise

John
Triple Stumper
    $2000 25
the shootout at the O.K. Corral

John
    $2000 30
aeronautics

Dana

Scores at the end of the Double Jeopardy! Round:

Kelly Dana John
$2,800 $20,100 $9,400
(lock game)

[wagering suggestions for these scores]

Final Jeopardy! Round responses

U.S. NATIONAL PARKS
(Anderson: The last subtropical region in the United States, obviously in Florida.)
KellyWhat is the Everglades?
$2,795
JohnWhat is the Everglades?
$9,000
DanaWhat is The Everglades?
$500
the Everglades

Final scores:

Kelly Dana John
$5,595 $20,600 $18,400
3rd place: $1,000 New champion: $20,600 2nd place: $2,000

Game dynamics:

Coryat scores:

Kelly Dana John
$7,800 $18,800 $9,400
15 R,
6 W
(including 1 DD)
23 R
(including 1 DD),
2 W
15 R
(including 1 DD),
2 W

Combined Coryat: $36,000

[game clues] [game scores] [suggest correction]

Game tape date: 2021-02-24
The J! Archive is created by fans, for fans. Scraping, republication, monetization, and malicious use prohibited; this site may use cookies and collect identifying information. See terms. The Jeopardy! game show and all elements thereof, including but not limited to copyright and trademark thereto, are the property of Jeopardy Productions, Inc. and are protected under law. This website is not affiliated with, sponsored by, or operated by Jeopardy Productions, Inc. Join the discussion at JBoard.tv.